000 00969cam a22002893a 4500
001 13650
003 PGUSA
005 20140828083307.0
008 041008s2004||||xxu|||||s|||||000 p eng d
040 _aPGUSA
_beng
042 _adc
050 4 _aPZ
050 4 _aPR
100 1 _aLear, Edward,
_d1812-1888
245 1 0 _aNonsense Books
_h[electronic resource] /
_cEdward Lear
260 _bProject Gutenberg,
_c2004
505 0 _aA book of nonsense -- Nonsense songs, stories, botany, and alphabets -- More nonsense, pictures, rhymes, botany, etc. -- Laughable lyrics, a fourth book of nonsense poems, songs, botany, music, etc.
506 _aPublic domain in the USA.
516 _aElectronic text
653 _aEnglish wit and humor
653 _aHumorous poetry, English
653 _aNonsense verses, English
653 _aLimericks, Juvenile
830 0 _aProject Gutenberg
_v13650
856 4 0 _uhttp://www.gutenberg.org/ebooks/13650
942 _cEB
999 _c242905
_d242905